| 000 | 00513nam a2200181Ia 4500 | ||
|---|---|---|---|
| 999 |
_c33870 _d33870 |
||
| 003 | OSt | ||
| 005 | 20201109133143.0 | ||
| 008 | 190216s9999||||xx |||||||||||||| ||und|| | ||
| 040 | _coclc | ||
| 082 |
_a530.13 _bGUP/E |
||
| 100 |
_aGupta, S L _91031 |
||
| 245 | 0 |
_aElementary Statistical Mechanics / _cS L Gupta ; V Kumar |
|
| 250 | _a20th Ed. | ||
| 260 |
_bPragathi Prakashan, _c2005. _aMeerut: |
||
| 300 | _a336p | ||
| 650 | _aPhysics | ||
| 942 |
_cBK _2ddc _h530.13 _iGUP/E _k530.13 _mGUP/E |
||